000 00281nam a2200121Ia 4500
100 _aNational Productivity Council
942 _cBK
654 _aInventory
245 _aInventory Control
260 _bNational Productivity Council
_c2001
082 _a658.787
546 _aENGLISH
999 _c22471
_d22471